00379 a2200109 4500001001000000005001700010008004100027245002800068100002300096773013300119999001700252ART_2347220260410161930.0260409a 10aEl socialismo utópico1 aLetizia, Francisco0 tRevista de la Facultad de Ciencias Económicas de la Universidad de Cuyog- Año XXXVIII, Nº 93/94 (ene./dic. 1986)wREV22981 c28553d28553